Statistics for Države koje završavaju s „Stan”

Click here to take the quiz!

General Stats

  • This quiz has been taken 659 times
  • The average score is 5 of 7

Answer Stats

Zemlje% Correct
Uzbekistan
79%
Afganistan
76%
Turkmenistan
76%
Pakistan
75%
Kazahstan
72%
Kirgistan
67%
Tadžikistan
60%

Score Distribution

Percentile by Number Answered

Percent of People with Each Score

Your Score History

You have not taken this quiz